| 000 | 00663nam a22002417a 4500 | ||
|---|---|---|---|
| 003 | UA-OsUOA | ||
| 001 | 29956 | ||
| 007 | ta | ||
| 008 | 20041102b un ||||| |||| 00| 0 ukr d | ||
| 100 | _aКравцов Лаврентій | ||
| 090 |
_a908(477.81) _bК78 |
||
| 942 | _cBK | ||
| 040 |
_aUA-OsUOA _bukr _cUA-OsUOA _dUA-OsUOA |
||
| 245 |
_aСвідки народної величі _cЛ. Кравцов; Ред. О. цірохРед. О.цірох |
||
| 300 |
_a68 с. _bІлюстрації |
||
| 955 | _a0 | ||
| 041 | _aukr | ||
| 080 | _a908(477.81) | ||
| 260 |
_aЛьвів _bКаменяр _c1972 |
||
| 044 | _aUA | ||
| 650 | 7 | _2UDC | |
| 999 |
_c316356 _d316356 |
||